Statistics for Cities From Above - #7

Click here to take the quiz!

General Stats

  • This quiz has been taken 35 times
  • The average score is 3 of 10

Answer Stats

Answer% Correct
Reykjavík
58%
Santiago
55%
Detroit / Windsor
45%
Dublin
45%
Anchorage
35%
Tehran
35%
Mogadishu
26%
Dhaka
16%
Kyiv
16%
Suva
16%

Score Distribution

Percentile by Number Answered

Percent of People with Each Score

Your Score History

You have not taken this quiz